[Event "RUS-ch"]
[Site "Elista"]
[Date "1995.??.??"]
[Round "11"]
[White "Ulybin, Mikhail"]
[Black "Zakharevich, Igor"]
[Result "1-0"]
[WhiteElo "2545"]
[BlackElo "2430"]
[Annotator "Stohl,I"]
[PlyCount "89"]
[EventDate "1995.10.??"]
[EventType "swiss"]
[EventRounds "11"]
[EventCountry "RUS"]
[SourceTitle "CBM 050"]
[Source "ChessBase"]
[SourceDate "1996.02.01"]
[SourceVersion "1"]
[SourceVersionDate "1996.02.01"]
[SourceQuality "1"]

1. e4 d6 2. d4 Nf6 3. Nc3 g6 4. Bg5 Bg7 5. f4 (5. Qd2 c6 6. f4 Nh5 (6... b5 7.
Bd3 Nbd7 8. Nf3 Nb6 9. a4 b4 10. Nd1 a5 11. Nf2 O-O 12. O-O c5 13. c3 Ba6 14.
Bxa6 Rxa6 15. f5 bxc3 16. bxc3 cxd4 17. cxd4 d5 18. e5 Ne4 19. Qd3 $18 {
Smirin,I-Hodgson,JM/New York PCA-op/1994/}) 7. Bc4 Nd7 8. a4 Nb6 9. Bb3 d5 10.
a5 Nc4 11. Bxc4 dxc4 12. Nge2 f6 13. Bh4 Bh6 14. Qe3 O-O 15. O-O Qc7 16. Qf3
Ng7 17. Bg3 f5 18. e5 Be6 19. Bf2 Rfd8 20. Rfd1 Bd5 21. Nxd5 cxd5 $10 {Winants,
L-Gurevich,M/Tel-Aviv/1989/}) 5... O-O 6. Qd2 c6 7. Nf3 (7. Bd3 b5 8. O-O-O b4
9. Nce2 Qa5 10. Kb1 c5 11. dxc5 Qxc5 12. Nf3 Nbd7 13. Rhe1 a5 14. Ned4 Bb7 15.
f5 Nb6 16. e5 dxe5 17. Rxe5 Qc7 18. Rde1 Bxf3 19. Rxe7 Qc5 20. Nxf3 Nfd5 21.
R7e4 Rab8 $44 {Plaskett,J-Watson,W/London WFW/1991/}) 7... b5 (7... d5 $6 8.
Bxf6 exf6 9. O-O-O Bg4 10. exd5 cxd5 11. Be2 Nc6 12. h3 Be6 13. g4 Bh6 14. Rhf1
Qc7 15. Ne1 Na5 16. Kb1 a6 17. Ng2 b5 18. Ne3 Rad8 19. f5 Bxe3 20. Qxe3 Bc8 21.
g5 Rfe8 22. Qd2 fxg5 23. Qxg5 Qe7 24. f6 $40 {Tiviakov,S-Hodgson,JM/Belgrade/
1993/}) 8. Bd3 Bg4 (8... b4 9. Ne2 (9. Nb1 d5 $6 10. e5 Ne4 11. Qxb4 c5 12.
dxc5 Nc6 13. Qa3 f6 14. Bh4 fxe5 15. Nxe5 Nxe5 16. fxe5 Qc7 17. Bxe4 Qxe5 18.
Qe3 dxe4 19. Nc3 Bb7 20. O-O-O Qh5 21. Bg5 Bxc3 22. bxc3 Qg4 23. Bxe7 Rf7 24.
Bd6 Qxg2 25. Rhg1 $16 {Horvath,T-Shulman,L/Zalakaros op/1993/}) 9... a5 10. e5
Nd5 11. Ng3 h6 12. Bh4 Ba6 13. Ne2 Bxd3 14. Qxd3 Qc7 15. Bg3 c5 16. O-O dxe5
17. fxe5 e6 18. c4 bxc3 19. bxc3 Nd7 20. Nd2 cxd4 21. cxd4 $13 {Podkriznik,
G-Barczyczyn,K/Bled/1993/}) (8... Nbd7 9. O-O b4 10. Ne2 c5 11. f5 c4 12. Bxc4
Nxe4 13. Qf4 Nef6 14. fxg6 hxg6 15. Qh4 Qc7 16. Bd3 Bb7 17. Rae1 e5 18. Ng3
Rfe8 $15 {Heidl,G-Sarno,S/Lugano op/1989/}) 9. e5 $5 {This double-edged
advance gives White a ^^ and attacking chances on the King-side, but he will
have to put up with weak doubled pawns f3,f4.} (9. O-O Qb6 10. Ne2 Nbd7 11. c3
(11. Kh1 Rae8 12. a4 b4 13. c4 bxc3 14. bxc3 d5 15. Ng3 Bxf3 16. gxf3 Kh8 17.
e5 Ng8 18. f5 c5 19. Rfb1 Qc7 20. Bf4 Qc8 21. a5 Rd8 22. Ra2 Nb8 23. Rb5 Na6
24. Rab2 Rfe8 25. Rb7 $16 {Aleksandrov,A-Savicevic,V/Leningrad URS-JUG TeamJ/
1991/}) 11... d5 12. e5 Ne4 13. Qe3 f6 14. Bh4 Bf5 15. h3 Bh6 16. g4 Be6 17.
Bxe4 dxe4 18. Qxe4 Bd5 19. Qd3 Bc4 20. Qe3 Bxe2 21. Qxe2 Bxf4 22. e6 Ne5 23.
Ne1 g5 24. Rxf4 gxf4 25. Bf2 $44 {->,Kosashvili,Y-Beim,V/Rishon le Zion/1994/})
9... b4 $1 (9... Ne8 10. O-O f6 11. Bh4 $16 {()}) (9... dxe5 10. fxe5 Nd5 11.
Ne4 $5 $36) 10. Ne2 (10. exf6 $6 exf6 11. Bh4 bxc3 12. Qxc3 Bxf3 13. gxf3 Re8+
$40) 10... Bxf3 11. gxf3 {[%csl Rf3,Rf4] At this moment White's Bishops are
passive, but compare the position after move 32!} Nd5 12. Bc4 (12. exd6 Qxd6
13. f5 e5 14. Bh6 exd4 15. Be4 Rd8 (15... Nd7 $142 $13) 16. Bxg7 Kxg7 17. Qxd4+
Nf6 18. O-O-O Qxd4 19. Rxd4 Rxd4 20. Nxd4 Nxe4 21. fxe4 Kf6 22. Rf1 g5 23. Rd1
$36 {@,Peters,J-Van der Sterren,P/London Lloyds Bank op/1978/}) 12... a5 (12...
f6 13. exf6 exf6 14. Bh4 Qb6 15. f5 $1 $16) 13. O-O-O {The Kings on the
opposite side of the board make for a sharp struggle.} f6 $1 $146 (13... Qd7
14. f5 $1 Qxf5 15. Ng3 Qe6 16. f4 dxe5 17. f5 Qd6 18. fxg6 hxg6 19. Rdg1 exd4
20. Nf5 $1 Qe5 21. Nxg7 Ne3 22. Bxe3 dxe3 23. Qd3 Kxg7 24. Bxf7 Qh5 25. Rxg6+ {
1-0/Dreev,A-Azmayparashvili,Z/Moscow GMA-op/1989/}) 14. exf6 exf6 (14... Bxf6
15. h4 $36) 15. Bh4 Bh6 $6 (15... Kh8 16. f5 $1 g5 17. Bg3 {[%cal Rh2h4] /\h4->
}) (15... Qd7 $142 $5 $13 {[%csl Rf4][%cal Yg8h8,Yf6f5] /\Kh8,f5,><f4}) 16. Bf2
Nd7 17. h4 N7b6 18. Bd3 $36 Re8 19. Kb1 $1 (19. h5 $2 Rxe2 20. Qxe2 Nxf4 $19)
19... Kh8 (19... a4 20. h5 g5 21. Rdg1 Kh8 $8 {-19...Kh8}) 20. Rdg1 a4 21. h5
g5 $8 22. fxg5 Bxg5 (22... fxg5 23. Ng3 a3 24. Nf5 Qf6 (24... axb2 25. Nxh6
Nc3+ 26. Qxc3 bxc3 27. Nf7+ $18) 25. Nxh6 Qxh6 26. Rxg5 $18 {[%cal Rg5g8] ->,/
\Rg8}) 23. f4 Bh6 24. Ka1 (24. c4 $1 $16) 24... Qd7 $6 (24... a3 $142 $5 25. b3
Qd7 $14) 25. c4 $1 bxc3 26. bxc3 a3 27. c4 $40 Ne7 28. d5 Na4 (28... c5 29. Nd4
$1 {[%cal Rd4e6] /\Ne6} cxd4 30. Bxd4 Rf8 (30... Nbxd5 31. cxd5 Nxd5 32. Qg2
Ra5 33. Bc4 $18) (30... Nf5 31. Bxf6+ Ng7 (31... Bg7 32. Rxg7 (32. Bxf5 $4
Bxf6+) 32... Nxg7 33. h6 $18) 32. Rg6 $3 hxg6 33. hxg6 Kg8 34. Rxh6 $18 {
[%cal Rh6h8] /\Rh8!}) 31. Bxb6 {[%cal Yb6d4] /\Bd4+-}) 29. Nc3 (29. Bd4 $6 Rf8
30. Nc3 c5 $1) 29... cxd5 (29... c5 30. Ne4 $18) 30. Bd4 $1 Rf8 31. Nxd5 Nxd5
32. cxd5 {[%csl Gd3,Gd4,Ra4,Rh6][%cal Rd4f6,Rd3h7] The Bishop pair is terrible
as an attacking tool, compare with Black's misplaced minor pieces.} Rab8 33.
Rg3 $18 {->} Qb7 34. Bc2 Nc5 (34... Qxd5 $2 35. Bxf6+ $18) 35. Rhg1 Qf7 36. Qc3
Nd7 (36... Bxf4 37. Bxf6+ $1 Qxf6 38. Rg8+ Rxg8 39. Qxf6+) (36... Rbc8 37.
Bxf6+ Qxf6 38. Rg8+ Rxg8 39. Qxf6+ Bg7 (39... Rg7 40. Re1 $18) 40. Rxg7 Rxg7
41. h6 $18) 37. Bf5 Rbc8 38. Qf3 Rce8 39. Be6 Rxe6 $8 (39... Qe7 40. Qg4 {
[%cal Rg4g8] /\Qg8!}) 40. dxe6 Qxe6 41. f5 {White is an exchange up and still
retains a decisive attack.} Qc4 42. Qe4 {[%cal Rd4f6] /\Bf6} d5 (42... Ne5 43.
Bxe5 $1 Qxe4 44. Bxf6+ Bg7 45. Rxg7 $1 $18) 43. Qg4 Qc8 $8 44. Qe2 Bf4 (44...
Re8 45. Qg2 $18) 45. Qe7 $1 (45. Qe7 Bxg3 (45... Bh6 46. Rg7 $1) 46. h6 Rg8 47.
Bxf6+) 1-0

[Event "USA-ch"]
[Site "Parsippany"]
[Date "1996.??.??"]
[Round "8"]
[White "Yermolinsky, Alex"]
[Black "Gulko, Boris F"]
[Result "1-0"]
[WhiteElo "2610"]
[BlackElo "2615"]
[Annotator "Stohl,I"]
[PlyCount "83"]
[EventDate "1996.07.13"]
[EventType "tourn"]
[EventRounds "13"]
[EventCountry "USA"]
[EventCategory "12"]
[SourceTitle "CBM 055"]
[Source "ChessBase"]
[SourceDate "1996.12.01"]
[SourceVersion "1"]
[SourceVersionDate "1996.12.01"]
[SourceQuality "1"]

1. e4 {Hecht} d6 2. d4 Nf6 3. Nc3 g6 4. Bg5 Bg7 5. f4 h6 (5... c6 6. Nf3 b5 7.
Bd3 b4 8. Ne2 Bg4 9. O-O Qb6 10. Kh1 O-O 11. a3 Nbd7 12. axb4 Qxb4 13. c3 Qxb2
14. c4 Bxf3 15. gxf3 e5 16. fxe5 dxe5 17. Qa4 Qb7 18. d5 Nc5 19. Qa3 Nxd3 20.
Qxd3 $44 {Bjerring,K-Olesen,M/Copenhagen City-ch/1996/}) 6. Bh4 c5 $1 (6...
Nbd7 {[%csl Re5] Survey CBM 55}) (6... Nh5 $6 {Survey CBM 55}) (6... O-O {
Survey CBM 55}) 7. dxc5 (7. Bb5+ {Survey CBM 55}) (7. e5 $5 {Survey CBM 55
This aggressive move is the only chance to gain an advantage, 7.dxc5 is too
soft.}) 7... Qa5 8. Bd3 (8. cxd6 $2 Nxe4 9. dxe7 Bxc3+ (9... Nxc3 $4 10. Qd8+)
10. bxc3 Qxc3+ 11. Ke2 Bg4+ 12. Nf3 Nc6 {[%cal Rc6d4] /\Nd4-+}) 8... Qxc5 9.
Qd2 Nc6 $146 (9... Bd7 $6 10. Nf3 Qc7 11. O-O Bc6 12. e5 dxe5 13. fxe5 Ng4 14.
e6 f5 15. Bg3 Qb6+ 16. Kh1 O-O 17. Rae1 Qxb2 18. Nd1 Qxa2 19. h3 Nf6 20. Ne5
Ne4 21. Bxe4 Bxe4 22. Nxg6 $40 {Bacis,J-Brulhart,K/Cannes open A/1990/}) 10.
Nge2 (10. Nf3 Bg4 $132) 10... O-O 11. O-O-O {White goes for sharp
opposite-side castling, as the quieter alternative gives Black a comfortable
position.} (11. Bf2 Qa5 12. h3 (12. O-O Ng4 $36) 12... Bd7 13. O-O b5 $132)
11... Nb4 $1 (11... b5 $6 12. Bxf6 $1 Bxf6 13. Nd5 $36 {[%cal Rd5f6,Rb2b4] /
\Nf6,b4}) 12. Kb1 Be6 13. Rhf1 Qa5 (13... b5 14. Bf2 Qc8 15. Bxb5 $14) 14. a3
Nxd3 15. cxd3 {[%cal Rc3d5] /\Nd5} Rfc8 16. h3 Rc7 (16... b5 $5 17. Bxf6 exf6
$13) 17. Bxf6 (17. g4 Rac8 18. f5 Bb3 $132) 17... Bxf6 (17... exf6 18. g4 $5 {
[%cal Rf4f5] /\f5|^}) 18. Nd5 Qxd2 19. Nxf6+ exf6 (19... Kg7 20. Nh5+ $1 gxh5
21. Rxd2 $16 {[%csl Rh5,Rh6] ׻}) 20. Rxd2 {Despite White's better pawn
structure the B is active and Black shouldn't have too many problems.} f5 $10
21. g4 $1 (21. exf5 Bxf5 22. g4 Bd7 $15) (21. Nd4 fxe4 22. dxe4 Bd7 23. Ne2 Bb5
$1 $10) 21... Re8 $6 (21... fxg4 22. f5 gxf5 23. exf5 Bd7 24. hxg4 Kg7 $10) 22.
Nc3 $36 a6 $2 {Now Black loses an exchange without any compensation.} (22...
fxg4 $142 23. f5 gxf5 24. exf5 Bb3 $8 25. Ne4 $36) 23. gxf5 gxf5 24. exf5 Bxf5
25. Nd5 $18 Rc5 26. Nf6+ Kf8 27. Nxe8 Kxe8 {White proceeds to realize his
material advantage in an exemplary fashion.} 28. Rf3 Kd7 (28... d5 29. Re3+ Kd7
30. Re5 $1 Bxh3 31. b4 $18) 29. b4 Rc8 (29... Rc3 30. Kb2) 30. Rg2 $1 (30. Kb2
Rg8 $16) 30... Rc3 (30... Re8 $142 31. Rg7 Re1+ 32. Kc2 Ke7 33. Rg8 $18) 31.
Kb2 $1 Rxd3 32. Rxd3 Bxd3 {[#] Hecht aktiver wT und zuviele schwarze
B-Schwächen, L-Beherrschung durch wK, einfache Technik} 33. Rg8 {Although
Black has gained a pawn, without the R he has no counterplay.} Bf1 (33... h5
34. h4 $1) 34. h4 Be2 35. Kc3 h5 36. Rf8 Ke7 37. Rb8 Bf3 38. Kd4 Kf6 (38... Kd7
39. Ke3 Kc7 (39... Bc6 40. Rh8) 40. Rf8 Bd5 41. Rh8 $18) (38... Bc6 {Hecht} 39.
Rh8 Bf3 40. Ke3 Bg4 41. Rb8 b5 42. Ra8 $18) 39. Ke3 Bc6 40. Rg8 (40. Rh8 $5 Kg7
(40... Kg6 41. Rg8+ Kh6 42. f5 $18) 41. Rxh5 f6 42. Kd4 $18) 40... Ba4 (40...
Bd7 $142 41. Rb8 $1 (41. Rh8 {Hecht} Bg4 (41... Kg6 42. Rd8 $18) 42. Rb8 $18)
41... Bc6 42. Rh8 Kg6 43. Rg8+ $18) 41. Rg5 $1 Bd1 42. Rd5 1-0

[Event "Dortmund SuperGM 23rd"]
[Site "Dortmund"]
[Date "1995.07.14"]
[Round "1"]
[White "Leko, Peter"]
[Black "Lobron, Eric"]
[Result "1-0"]
[WhiteElo "2605"]
[BlackElo "2595"]
[Annotator "Stohl,I"]
[PlyCount "89"]
[EventDate "1995.07.14"]
[EventType "tourn"]
[EventRounds "9"]
[EventCountry "GER"]
[EventCategory "17"]
[SourceTitle "CBM 048"]
[Source "ChessBase"]
[SourceDate "1995.10.01"]
[SourceVersion "1"]
[SourceVersionDate "1995.10.01"]
[SourceQuality "1"]

1. e4 {Giese} g6 2. d4 Bg7 3. Nf3 d6 4. c3 Nf6 5. Bd3 O-O 6. O-O Nc6 7. h3 (7.
Bg5 e5 8. Nbd2 Qe8 9. Re1 h6 10. Bxf6 Bxf6 11. dxe5 dxe5 12. Nc4 Be6 13. Ne3
Rd8 14. Qc2 Bg7 15. b4 Kh8 16. Red1 Qe7 17. Bc4 f5 18. Bxe6 Qxe6 19. Qb3 Qf6
20. Nd5 Qf7 21. Ne3 Qe8 22. Qc4 f4 23. Nd5 $14 {[%csl Rg7] ץg7,Dragiev,
V-Chatalbashev,B/BLG-ch/1995/}) 7... e5 (7... Re8 8. d5 Nb8 9. c4 c6 10. Nc3
Na6 11. Re1 e6 12. dxe6 Bxe6 13. Bf1 Nc5 14. Bf4 d5 15. exd5 cxd5 16. Nb5 $1
Nh5 17. Bc7 Qc8 18. cxd5 Bd7 19. Be5 Qd8 20. Bxg7 Nxg7 21. Rxe8+ Nxe8 22. Nc3
Qb6 $14 {Pedersen,St-Krasenkov,M/Norresundby Bank/1995/}) 8. Re1 (8. dxe5 Nxe5
9. Nxe5 dxe5 10. Qe2 b6 $5 $10) 8... h6 (8... exd4 9. cxd4 Nb4 10. Bf1 c5 11.
a3 Nc6 12. d5 Nb8 (12... Ne5 13. Nxe5 dxe5 14. Nd2 $36 {o^d5,/\Nc4}) 13. Nc3
$14 {[+]}) (8... Nd7 9. Bg5 $5 f6 10. Be3 $14) (8... Re8 9. Na3 a6 10. Bd2 h6
11. Rc1 Nh5 12. Nc2 Kh7 13. a3 Bd7 14. b4 Nf6 15. Rb1 Qc8 16. Bc4 Re7 17. d5
Nb8 18. Bf1 c6 19. c4 b5 20. Rc1 bxc4 21. Ne3 Nxe4 22. Nxc4 cxd5 23. Nxd6 Qd8
24. Nxe4 dxe4 25. Rxe4 $13 {Smagin,S-Ivanov,T/Moscow B/1995/}) 9. Na3 (9. Be3
Nh5 10. Nbd2 (10. Qd2 g5 11. Na3 a6 12. Rad1 Qf6 13. Nc4 Kh8 14. dxe5 dxe5 15.
Nh2 b5 16. Na3 Be6 17. Ng4 Qg6 18. b3 Nf4 19. Bf1 h5 20. Nh2 Rfd8 21. Qc2 Bf8
22. Nb1 g4 23. hxg4 hxg4 24. Rxd8 Rxd8 25. Nd2 Nd5 $1 $36 {Belotelov,D-Hillarp
Persson,T/Sollentuna op/1995/}) (10. Na3 $5 a6 11. Nc4 Qf6 12. Bf1 Nf4 13. Kh2
g5 14. d5 Ne7 15. g3 Nxh3 16. Bxh3 g4 17. Nfxe5 gxh3 18. Nd3 Ng6 19. Bd4 Qd8
20. Bxg7 Kxg7 21. f4 b5 22. Ne3 $16 {[%csl Yd4,Yd5,Ye4,Ye5,Rf7,Rh3,Rh6] [+],
ק>>,Komarov,D-Bauer,C/FRA-chT/1995/}) 10... Nf4 11. Bxf4 exf4 12. b4 Ne7 13.
e5 dxe5 14. Nxe5 c6 15. Ndf3 Nd5 16. Qd2 g5 17. Bc2 Nf6 18. Qd3 Be6 19. a4 Re8
20. a5 Qc7 21. Re2 Red8 22. Nd2 b6 23. Bb3 Nd5 24. Qf3 $14 {Shchekachev,
A-Collas,D/Paris op/1995/}) (9. a3 Nh7 10. Be3 f5 11. exf5 gxf5 12. dxe5 dxe5
13. Bc5 Re8 14. Bc4+ Kh8 15. Bf7 Qxd1 16. Rxd1 Rd8 17. Rxd8+ Nxd8 18. Bb3 Ne6
19. Be7 Bd7 20. Nh4 Nef8 21. Bf7 Ng5 22. Bh5 Ne4 23. Bf3 Ng5 24. Bh5 Ne4 $10 {
Karlsson,L-Barlov,D/Haninge/1988/}) 9... Nd7 $146 (9... a6 $5 10. Nc2 (10. dxe5
Nxe5 11. Nxe5 dxe5 12. Nc4 Nh5 $132) 10... Re8 11. dxe5 dxe5 12. Ne3 Be6 13.
Qc2 (13. b3 Nh5 14. Bf1 Qxd1 15. Rxd1 Rad8 16. Bb2 f5 17. exf5 gxf5 18. Nh4
Rxd1 19. Rxd1 Ne7 20. Ba3 f4 21. Bc4 Bxc4 22. Nxc4 e4 $132 {Kuzmin,G-Grigorov,
J/Cappelle op/1993/}) 13... Nd7 14. Ng4 Kh7 15. Qe2 Qe7 16. Ne3 Nb6 $6 (16...
Nf6 $10) 17. Bc2 Rad8 18. Nf5 Qf8 19. Nxg7 Qxg7 20. b3 Rd7 21. Be3 Red8 22.
Rad1 f6 23. Rxd7 Rxd7 24. Rd1 $14 {[%csl Gc2,Ge3] ^^,Baimuratov,S-Tustanowski,
R/Bratislava op/1993/}) (9... Nh5 10. Be3 a6 11. Kh2 Qf6 12. Bf1 exd4 $5 13.
cxd4 {[+]} Re8 14. Qc2 g5 15. Nc4 Qg6 16. d5 Nb4 17. Qd2 a5 18. a3 Na6 19. Bd3
Qf6 20. Bc2 Nf4 21. Bd4 Qg6 22. Bxg7 Qxg7 23. e5 $36 {[%csl Rf5,Rg6,Rh5,Rh7]
׻,Smirin,I-Bologan,V/Debrecen EU-chT/1992/}) 10. Bb5 $1 Ne7 (10... a6 $6 11.
Bxc6 bxc6 12. Nc4 $16 {[%csl Rc6,Rc7][%cal Rc4a5] ><c6,c7,/\Na5}) 11. Nc2 a6
12. Bf1 b6 13. a4 Bb7 14. dxe5 (14. b3 d5 $1 $10) 14... dxe5 (14... Nxe5 $142
$5 15. Nxe5 dxe5 $10) 15. b3 $1 Nc8 16. Ba3 Nd6 (16... Re8 17. Qd2 $14 {
[%cal Gd2d8] <->d}) 17. Nd2 $5 {[%csl Rd6][%cal Ra3d6,Rd2c4] /\Bd6,Nc4,><d6} (
17. Bxd6 $6 cxd6 18. Qxd6 Nc5 19. Qxd8 Rfxd8 $36 {[%csl Gb7,Gg7,Rb3,Re4] ><b3,
e4,^^}) 17... c5 {><d5} 18. g3 {[%csl Rd5]} Qc7 19. Bg2 {[%cal Yc2e3,Ye3d5] /
\Ne3-d5} Nf6 20. c4 $1 $14 Rad8 21. Qe2 a5 (21... Nd7 {[%cal Yd7b8,Yb8c6,Yc6d4]
/\Nb8-c6-d4} 22. Ne3 $36 {White's N have closer to the important d5-square,
than Black's to d4.}) 22. Bb2 Rfe8 23. Na3 h5 24. Rad1 {[%cal Ya3b1,Yb1c3,
Yc3d5] /\Nab1-c3-d5} Nh7 (24... Bh6 25. Nab1 Rd7 26. Nc3 $14) 25. Nab1 Nf8 26.
Nc3 Qb8 (26... Ne6 $142 27. Nd5 Qc6 (27... Bxd5 28. cxd5 Nd4 29. Qd3 {[%cal
Yd2c4] /\Nc4+/=}) 28. f4 $5 $14) 27. Nd5 Bc6 28. Nf3 $1 {[%csl Re5][%cal Gb2e5]
/^a1-h8,><e5.Because he must defend the e5P, Black will not get his N to e6
and d4.} f6 29. Nh4 {[%csl Rg5,Rg6,Rh5,Rh6] ׻ Now the N is tied to g6.} Nf7 (
29... Kh7 30. f4 $36) 30. Rd3 Bxd5 31. cxd5 $16 {[%csl Gb2,Gg2,Rb6,Rf6,Rg6] (),
^^,קb6,f6,g6 Black's pawn structure is weakened on both flanks.} Nd6 32. Bc1
Qc8 (32... b5 33. axb5 Nxb5 34. Qa2 $16) 33. Rc3 Qd7 34. Nf3 Qf7 35. h4 Kh7 {
[%cal Yg7h6] /\Bh6} 36. Qe3 $1 Nd7 37. Bh3 Qf8 38. Qe2 {Now White is ready for
the exchange.} Bh6 39. Bxh6 Qxh6 40. Nd2 f5 $6 {Black's weakened position
can't stand this move. But Lobron understandably did not want to defend
passively.} (40... Qg7 41. Nc4 Nxc4 42. bxc4 $16 {[%csl Rb6] ><b6}) 41. exf5
Nxf5 (41... gxf5 42. Nc4 $18 {[%csl Rf5,Rh5] ><f5,h5}) 42. Ne4 Kh8 (42... Nd4
43. Qa6 {[%cal Rh3d7] /\Bd7+-}) 43. Ng5 Re7 44. d6 $1 Rg7 (44... Nxd6 45. Qd2 {
[%cal Yd2h6,Rd2d6]} Nf6 (45... Nf5 46. Bxf5 gxf5 47. Nf7+ $18) 46. Rd3 Nfe8 47.
Nf7+ $1 Nxf7 48. Qxh6+ Nxh6 49. Rxd8 $18) (44... Ree8 $2 {Giese} 45. Nf7+ $18)
45. Qd2 {[%cal Yd2h6] /\Bf5,Nf7+-} (45. Qd2 Kg8 $8 46. Qd5+ $18 {[%cal Rg5e6] /
\Ne6} (46. Qd5+ {Giese} Kf8 (46... Kh8 47. Bxf5 gxf5 48. Nf7+ $18) 47. Ne6+ Ke8
48. Nxd8 $18)) (45. Ne6 $4 {Giese} Nd4 $1) 1-0